000 00406ntaaa2200169 4500
003 01
005 20251027201944.0
008 0714s1973 ag 01
040 _aAR-BaBN
_bspa
_cAR-BaBN
_eaacr
_dRIC
082 _a248.0000 H14
100 _aHall, Daniel
_98896
245 _aApuntando alto
250 _a1 ed. :
_bImprenta Evangélica,
_cc1919
300 _a128 p.
650 _aVida Cristiana
942 _cBK
999 _c14293
_d14293